[Event "Nezhmetdinov Memorial 36th"]
[Site "Kazan"]
[Date "2014.06.07"]
[Round "8"]
[White "Kharlov, Andrei"]
[Black "Tunik, Gennady"]
[Result "1/2-1/2"]
[WhiteElo "2477"]
[BlackElo "2430"]
[PlyCount "97"]
[EventDate "2014.05.31"]
[EventType "swiss"]
[EventRounds "9"]
[EventCountry "RUS"]
[SourceTitle "CBM 160 Extra"]
[Source "ChessBase"]
[SourceDate "2014.07.01"]
[SourceVersion "1"]
[SourceVersionDate "2014.07.01"]
[SourceQuality "1"]

1. g3 d5 2. Nf3 c6 3. Bg2 Nf6 4. O-O Bg4 5. d3 e6 6. Be3 Nbd7 7. c4 dxc4 8.
dxc4 Bxf3 9. Bxf3 Bc5 10. Qb3 Qb6 11. Qxb6 axb6 12. Bxc5 bxc5 13. b3 Ke7 14.
Nc3 Rhd8 15. Na4 Ne8 16. Rfd1 Nd6 17. Rd2 Nxc4 18. Rxd7+ Rxd7 19. Nxc5 Nd2 20.
Nxd7 Kxd7 21. b4 Ra4 22. a3 Nc4 23. Be4 Rxa3 24. Rd1+ Ke7 25. Bxh7 g6 26. h4
Ra8 27. h5 gxh5 28. Rd4 Ne5 29. Rh4 Ng4 30. Rxh5 Nf6 31. Rh4 Rh8 32. Bd3 Rxh4
33. gxh4 b5 34. e4 Nd7 35. f4 e5 36. fxe5 Nxe5 37. Be2 Ng6 38. h5 Nf4 39. Kf2
Kf6 40. Ke3 Nxe2 41. Kxe2 Kg5 42. Ke3 Kxh5 43. Kf4 Kg6 44. Ke5 Kg5 45. Kd6 Kf4
46. e5 Kf5 47. Kxc6 Kxe5 48. Kxb5 f5 49. Kc6 1/2-1/2

[Event "Nezhmetdinov Memorial 36th"]
[Site "Kazan"]
[Date "2014.06.08"]
[Round "9"]
[White "Sadykov, Ramil"]
[Black "Kharlov, Andrei"]
[Result "1-0"]
[WhiteElo "2288"]
[BlackElo "2477"]
[PlyCount "77"]
[EventDate "2014.05.31"]
[EventType "swiss"]
[EventRounds "9"]
[EventCountry "RUS"]
[SourceTitle "CBM 160 Extra"]
[Source "ChessBase"]
[SourceDate "2014.07.01"]
[SourceVersion "1"]
[SourceVersionDate "2014.07.01"]
[SourceQuality "1"]

1. e4 c5 2. Nf3 d6 3. d4 Nf6 4. Nc3 cxd4 5. Nxd4 e6 6. g4 h6 7. h4 Nc6 8. Rg1
a6 9. g5 hxg5 10. hxg5 Nxd4 11. Qxd4 Nd7 12. Be3 Ne5 13. Be2 Nc6 14. Qd2 b5 15.
f4 Qa5 16. Bf3 Bd7 17. g6 fxg6 18. Rxg6 Rc8 19. Rg5 Kf7 20. Qg2 Nd8 21. O-O-O
Rxc3 22. bxc3 Qa3+ 23. Kd2 b4 24. Bd4 e5 25. fxe5 Ne6 26. Rf5+ Ke8 27. Bh5+
Rxh5 28. Qg6+ Kd8 29. Qxh5 Be7 30. exd6 bxc3+ 31. Bxc3 Qxd6+ 32. Kc1 Qa3+ 33.
Bb2 Qxa2 34. Rfd5 Nf8 35. Qh8 Kc7 36. Qxg7 Kd8 37. Qh8 Kc7 38. Qe5+ Kd8 39.
Qb8# 1-0